I dieci paesi più vicini a Città del Vaticano - Statistics

Statistiche generali
  • Questo quiz è stato fatto 111 volte
  • Il punteggio medio è 9 su 10
Statistiche sulle risposte
Km Miglia Risposta % Corretto
0 0 Italia
100%
241 150 Francia (Corsica)
99%
221 137 San Marino
98%
521 324 Austria
96%
515 320 Svizzera
96%
408 254 Slovenia
94%
296 184 Croazia
91%
397 247 Bosnia ed Erzegovina
83%
498 309 Montenegro
71%
458 285 Monaco
69%
Nessun quiz corrispondente trovato
Distribuzione punteggi
Percentuale di utenti per punteggio
Percentile per numero di risposta
I tuoi punteggi nel tempo
Non hai fatto questo quiz